Technical writing : (Record no. 1484)

MARC details
000 -LEADER
fixed length control field 01572cam a22003495a 4500
003 - CONTROL NUMBER IDENTIFIER
control field EG-ScBUE
005 - DATE AND TIME OF LATEST TRANSACTION
control field 20200108102859.0
008 - FIXED-LENGTH DATA ELEMENTS--GENERAL INFORMATION
fixed length control field 190725t2006 njua f b 001 0 eng d
020 ## - INTERNATIONAL STANDARD BOOK NUMBER
International Standard Book Number 0131196642
020 ## - INTERNATIONAL STANDARD BOOK NUMBER
International Standard Book Number 97880131196643
040 ## - CATALOGING SOURCE
Original cataloging agency EG-ScBUE
Language of cataloging eng
Description conventions rda
Transcribing agency EG-ScBUE
Modifying agency EG-ScBUE
082 04 - DEWEY DECIMAL CLASSIFICATION NUMBER
Classification number 808.0666
Item number GER
Edition number 22
100 1# - MAIN ENTRY--PERSONAL NAME
Personal name Gerson, Sharon J.‏
Dates associated with a name 1948-
Relator term author.
245 10 - TITLE STATEMENT
Title Technical writing :
Remainder of title process and product /
Statement of responsibility, etc Sharon J. Gerson, Devry University, Steven M. Gerson, Johnson County Community College.
250 ## - EDITION STATEMENT
Edition statement Fifth edition.
264 #1 - PUBLICATION, DISTRIBUTION, ETC. (IMPRINT)
Place of publication, distribution, etc Upper Saddle River, New Jersy :
Name of publisher, distributor, etc Pearson Prentice Hall,
Date of publication, distribution, etc [2006]
264 #4 - PUBLICATION, DISTRIBUTION, ETC. (IMPRINT)
Date of publication, distribution, etc c 2006
300 ## - PHYSICAL DESCRIPTION
Extent xxiv, 680 pages :
Other physical details color illustrations ;
Dimensions 28 cm
336 ## - CONTENT TYPE
Source rdacontent
Content type term text
Content type code txt
337 ## - MEDIA TYPE
Source rdamedia
Media type term unmediated
Media type code n
338 ## - CARRIER TYPE
Source rdacarrier
Carrier type term volume
Carrier type code nc
504 ## - BIBLIOGRAPHY, ETC. NOTE
Bibliography, etc Includes bibliographical references and index.
520 ## - SUMMARY, ETC.
Summary, etc "Technical Writing: Process and Product, Fifth Edition, offers numerous tools to create effective written communication in the workplace. A step-by-step process, complete with process logs and student-written samples, will help you learn how to craft correspondence, documents, and presentations that will get the job done. Book jacket."
590 ## - LOCAL NOTE (RLIN)
Local note SHIMAA
650 #7 - SUBJECT ADDED ENTRY--TOPICAL TERM
Topical term or geographic name as entry element English language
General subdivision Technical English.
Source of heading or term BUEsh
650 #7 - SUBJECT ADDED ENTRY--TOPICAL TERM
Topical term or geographic name as entry element English language
General subdivision Rhetoric.
Source of heading or term BUEsh
650 #7 - SUBJECT ADDED ENTRY--TOPICAL TERM
Topical term or geographic name as entry element Technical writing.
Source of heading or term BUEsh
653 ## - INDEX TERM--UNCONTROLLED
Resource For college Humanities: English
Arrived date list July2019
655 ## - INDEX TERM--GENRE/FORM
Form subdivision Reading book
700 1# - ADDED ENTRY--PERSONAL NAME
Personal name Gerson, Steven M,
Dates associated with a name 1948-
Relator term author.
942 ## - ADDED ENTRY ELEMENTS (KOHA)
Call number prefix 808.0666 GER
Source of classification or shelving scheme Dewey Decimal Classification
Koha item type Book - Borrowing
Holdings
Withdrawn status Lost status Damaged status Not for loan Home library Current library Shelving location Date acquired Source of acquisition Total Checkouts Total Renewals Full call number Barcode Date last seen Date checked out Price effective from Koha item type Cost, replacement price Checked out
        Central Library Central Library Second Floor 19/10/2006 Purchase 3 3 808.0666 GER 000002901 15/07/2025 03/09/2024 19/10/2006 Book - Borrowing    
        Central Library Central Library Second Floor 19/10/2006 Purchase 11   808.0666 GER 000002900 15/07/2025 20/09/2010 19/10/2006 Book - Borrowing    
        Central Library Central Library Second Floor 07/10/2010 Purchase 2   808.0666 GER 000006324 15/07/2025 17/12/2012 10/10/2007 NB - Book (Non borrowing)    
        Central Library Central Library Second Floor 19/10/2006 Purchase 10   808.0666 GER 000008421 15/07/2025 12/12/2011 29/11/2007 Book - Borrowing 200.00  
        Central Library Central Library Second Floor 19/10/2006 Purchase 7 3 808.0666 GER 000006215 15/07/2025 13/09/2018 03/02/2008 Book - Borrowing    
        Central Library Central Library Second Floor 07/10/2010 Purchase 6 4 808.0666 GER 000006325 29/05/2014 29/05/2014 03/02/2008 Book - Borrowing   17/05/2022
        Central Library Central Library Second Floor 19/10/2006 Purchase 7   808.0666 GER 000002899 15/07/2025 14/12/2013 03/02/2008 Book - Borrowing    
        Central Library Central Library Second Floor 07/10/2010 Purchase 3 2 808.0666 GER 000006319 15/07/2025 24/07/2013 03/02/2008 Book - Borrowing    
        Central Library Central Library Second Floor 07/10/2010 Purchase 7 18 808.0666 GER 000006317 15/07/2025 08/02/2015 03/02/2008 Book - Borrowing    
        Central Library Central Library Second Floor 07/10/2010 Purchase 2 4 808.0666 GER 000006318 15/07/2025 05/02/2013 03/02/2008 Book - Borrowing    
        Central Library Central Library Second Floor 07/10/2010 Purchase 4 1 808.0666 GER 000006316 15/07/2025 13/03/2013 03/02/2008 Book - Borrowing